000 00677nam a2200217 i 4500
001 bgj
100 1 _aBYRNE, John
_d(1941- )
245 1 0 _aJingle bells and other songs /
_cJohn Byrne and Anne Waugh ; illustrated by Annabel Spenceley and Paddy Mounter.
260 _aOxford :
_bOxford University Press,
_c[1982].
300 _a[24] pp :
_bill. ;
_c20x21 cm.
650 9 _aEnglish language
_xChildren's songs
700 1 _aWAUGH, Anne
_d(1944- )
700 1 _aSPENCELEY, Anne.
_eill.
700 1 _aMOUNTER, Paddy.
_eill.
020 _a0194333450
040 _cBPK
041 0 _aeng
920 _a0-19-433345-0
942 _cKS
008 s uk f |000 0 eng
999 _c48403
_d48403